=LDR 00000nam 2200000 4500 =001 NUTBA000000000003033 =005 20230531073620 =035 ##$$a 0010-071400000000221 =008 230531###########################0###### =041 ##$$a Ind =082 ##$$a 381.142 =090 ##$$a 381.142, Har k =100 ##$$a Hartoko, Alfa =245 1#$$a Kupastuntas PayPal : $b Cara Mudah dan Aman Bertransaksi Online /$c Alfa Hartoko =260 ##$$a Jakarta :$b Gramedia Pustaka Utama,$c 2011 =300 ##$$a viii,208 hlm ; $c 20 cm =850 ##$$a NBPNMAT =020 ##$$a 978-602-00-1517-0 =084 ##$$a 381.142 HAR k =990 ##$$a 21400613/BPAP-NTB/20142014 =990 ##$$a 21601489/BPAP-NTB/2017 =990 ##$$a 03020302 =990 ##$$a 21102979 =990 ##$$a 21400613/BPAP-NTB/20142014 =990 ##$$a 21601489/BPAP-NTB/2017